| 000 | 00494nam a2200169Ia 4500 | ||
|---|---|---|---|
| 008 | 180921t2017 xxu||||| |||| 00| 0 sin d | ||
| 041 | _asin | ||
| 080 |
_a133.52 _bPER |
||
| 100 | _aPerera,O.A. | ||
| 245 | _aපංචපක්ෂී ශාස්ත්රය හා යමකාලය | ||
| 246 | _aPanchapakshi Shasthrya ha Yamakalaya | ||
| 260 |
_bModern Poth Samagama _aNugegoda _c2017 |
||
| 300 | _b62p, 21cm | ||
| 942 | _cBK | ||
| 999 |
_c4142 _d4142 |
||
| 003 | LK-CoDNM | ||
| 040 |
_aLK-CoDNM _dLK-CoDNM _eLK-CoDNM |
||